[Event "AUTO-OPEN-3780"]
[Site "http://www.queenalice.com/game.php?id=1503881"]
[Date "2017.11.16"]
[Round "3"]
[White "Perseids_Java"]
[Black "Rafale2000"]
[Result "1-0"]
[WhiteElo "2417"]
[BlackElo "1979"]

1. e4 Nf6 2. e5 Nd5 3. d4 d6 4. Nf3 Bg4 5. Be2 e6 6. O-O Be7 7. c4 Nb6 8. Nc3
O-O 9. Be3 dxe5 10. Nxe5 Bxe2 11. Qxe2 N8d7 12. Rfd1 Nf6 13. Rd3 c6 14. Bf4 Nbd7
15. Rad1 Re8 16. h4 Qb6 17. Rg3 Red8 18. h5 Nxe5 19. Bxe5 Kf8 20. Ne4 Rd7 21. h6
Nxe4 22. Bxg7+ Ke8 23. Qxe4 Kd8 24. Qxh7 Kc7 25. Be5+ Kc8 26. Qg8+ Bd8 27. h7
1-0

[Event "AUTO-OPEN-3780"]
[Site "http://www.queenalice.com/game.php?id=1503882"]
[Date "2017.11.16"]
[Round "3"]
[White "josebaron"]
[Black "Perseids_Java"]
[Result "0-1"]
[WhiteElo "2034"]
[BlackElo "2420"]

1. e4 c5 2. c4 Nc6 3. Nf3 d6 4. Nc3 Nf6 5. Be2 g6 6. d3 Bg7 7. O-O O-O 8. h3 Nd7
9. a3 Nde5 10. Nxe5 Nxe5 11. f4 Nc6 12. Bg4 e6 13. Be3 Nd4 14. Bxd4 Bxd4+ 15.
Kh1 Bd7 16. Rb1 a6 17. Ne2 Bf6 18. d4 cxd4 19. Nxd4 h5 20. Bf3 Qe7 21. Nb3 Rab8
22. Nd4 Rfc8 23. Be2 Rc7 24. a4 e5 25. fxe5 dxe5 26. Nf3 Rd8 27. Qb3 Bc6 28. Bd3
Bxa4 29. Qxa4 Rxd3 30. Rfd1 Qd6 31. Rxd3 Qxd3 32. Rd1 Qxe4 33. b3 Qc2 34. Rd2
Qc1+ 35. Kh2 Kg7 36. Rd7 b5 37. Rxf7+ Kxf7 38. cxb5 Qf4+ 39. Qxf4 exf4 40. bxa6
Ra7 41. g4 hxg4 42. hxg4 g5 43. Nd2 Rxa6 44. Ne4 Rb6 45. Nxf6 Kxf6 46. b4 Rxb4
0-1

[Event "AUTO-OPEN-3780"]
[Site "http://www.queenalice.com/game.php?id=1503883"]
[Date "2017.11.16"]
[Round "3"]
[White "Perseids_Java"]
[Black "josebaron"]
[Result "1-0"]
[WhiteElo "2418"]
[BlackElo "2085"]

1. e4 e5 2. Nf3 Nc6 3. Bb5 d6 4. d4 exd4 5. Nxd4 Bd7 6. Nc3 Nf6 7. f3 Be7 8. Be3
a6 9. Nxc6 bxc6 10. Bc4 Be6 11. Qe2 O-O 12. Bxe6 fxe6 13. Rd1 Qc8 14. O-O Rd8
15. Qc4 c5 16. Bg5 h6 17. Be3 Kh8 18. Rfe1 e5 19. Qf7 Rd7 20. Qe6 Qe8 21. b3 Bf8
22. Qc4 Qf7 23. Qa4 Rdd8 24. f4 exf4 25. Bxf4 Be7 26. Rf1 Qh5 27. h3 Kh7 28. Bh2
Kh8 29. Qc6 Rdc8 30. Rde1 Qe8 31. Qb7 Qd8 32. e5 dxe5 33. Bxe5 Bd6 34. Bxf6 gxf6
35. Qf3 Be5 36. Nd5 Bd4+ 37. Kh1 c6 38. Ne3 Qf8 39. Nf5 a5 40. Ne7 Qg8 41. Nxg8
1-0

[Event "AUTO-OPEN-3918"]
[Site "http://www.queenalice.com/game.php?id=1521923"]
[Date "2018.3.31"]
[Round "1"]
[White "Perseids_Java"]
[Black "luizantoniosetti"]
[Result "1-0"]
[WhiteElo "2423"]
[BlackElo "2112"]

1. e4 e6 2. d4 d5 3. Nc3 Nf6 4. Bg5 Bb4 5. e5 h6 6. Bd2 Bxc3 7. Bxc3 Ne4 8. Ne2
O-O 9. Bb4 c5 10. Ba3 b5 11. c3 a5 12. Bxc5 Nxc5 13. dxc5 Qc7 14. f4 Qxc5 15.
Qd4 1-0

[Event "AUTO-OPEN-3918"]
[Site "http://www.queenalice.com/game.php?id=1521924"]
[Date "2018.3.31"]
[Round "1"]
[White "luizantoniosetti"]
[Black "Perseids_Java"]
[Result "0-1"]
[WhiteElo "2103"]
[BlackElo "2430"]

1. e4 c5 2. Nf3 d6 3. d4 cxd4 4. Nxd4 Nf6 5. Nc3 a6 6. f4 e5 7. Nf3 Nbd7 8. Bc4
Qc7 9. Bb3 b5 10. O-O Be7 11. fxe5 dxe5 12. Ng5 O-O 13. Nxf7 Rxf7 14. Bxf7+ Kxf7
15. Nd5 Qd6 16. a4 Bb7 17. axb5 axb5 0-1

[Event "AUTO-OPEN-3923"]
[Site "http://www.queenalice.com/game.php?id=1523832"]
[Date "2018.4.17"]
[Round "1"]
[White "thbn"]
[Black "Perseids_Java"]
[Result "0-1"]
[WhiteElo "1621"]
[BlackElo "2429"]

1. e4 c5 2. Nf3 d6 3. Be2 Nf6 4. O-O Nxe4 5. d3 Nf6 6. Nc3 Nc6 7. Bg5 e6 8. Qd2
Be7 9. Rad1 a6 10. a3 b5 11. Ne4 h5 12. h4 Bb7 13. Nxf6+ Bxf6 14. Bxf6 Qxf6 15.
Rfe1 Qxb2 16. Ra1 Nd4 17. Rec1 Nxf3+ 18. gxf3 Rh6 19. Kh2 Qd4 20. Rg1 Qxh4+ 21.
Kg2 Rg6+ 22. Kf1 Qh3+ 23. Ke1 Rxg1+ 24. Bf1 Qxf1# 0-1

[Event "AUTO-OPEN-3923"]
[Site "http://www.queenalice.com/game.php?id=1523833"]
[Date "2018.4.17"]
[Round "1"]
[White "Perseids_Java"]
[Black "thbn"]
[Result "1-0"]
[WhiteElo "2431"]
[BlackElo "1629"]

1. e4 e5 2. Nf3 Nc6 3. Bb5 Nge7 4. O-O a6 5. Ba4 b5 6. Bb3 Ng6 7. c3 Be7 8. d4
d6 9. Bd5 Bd7 10. Be3 O-O 11. Nbd2 Re8 12. dxe5 dxe5 13. Nb3 Kh8 14. Bxf7 Rf8
15. Bxg6 hxg6 16. Ng5 Bxg5 17. Bxg5 Qe8 18. Nc5 Be6 19. Qd3 Rd8 20. Bxd8 Qxd8
21. Qg3 Qf6 22. Nxe6 Re8 23. Nxc7 Rf8 24. Nd5 Qd6 25. Rad1 Qe6 26. f4 exf4 27.
Rxf4 Rd8 28. Rdf1 Kg8 29. Nf6+ Kf8 30. Qxg6 Ke7 31. Qxg7+ Kd6 32. Rd1+ Kc5 33.
Rxd8 Nxd8 34. Nd7+ Kc6 35. Rf6 Qxf6 36. Qxf6+ Kxd7 37. Qxa6 Ke8 38. Qxb5+ Ke7
39. a4 Kd6 40. a5 Nc6 41. Qxc6+ Ke7 42. a6 Kf7 43. a7 Kg7 44. a8=Q Kf7 45. Qab7+
Kf8 46. Qcc8# 1-0

[Event "AUTO-OPEN-3923"]
[Site "http://www.queenalice.com/game.php?id=1523860"]
[Date "2018.4.17"]
[Round "1"]
[White "Perseids_Java"]
[Black "maurice91"]
[Result "1-0"]
[WhiteElo "2426"]
[BlackElo "1765"]

1. e4 c6 2. d4 d5 3. Nc3 dxe4 4. Nxe4 Bf5 5. Ng3 Bg6 6. h4 h5 7. Nf3 e6 8. Bd3
Bxd3 9. Qxd3 g6 10. Bg5 Be7 11. O-O-O Nd7 12. Bf4 Nh6 13. Ng5 Ng4 14. N3e4 Ndf6
15. Nxf7 Kxf7 16. Ng5+ Kg7 17. Nxe6+ Kf7 18. Nxd8+ Raxd8 19. Rhe1 Nxf2 20. Qe3
N2e4 21. Bg5 Rd7 22. Bxf6 Nxf6 23. Qe6+ Ke8 24. Qxf6 1-0

[Event "AUTO-OPEN-3923"]
[Site "http://www.queenalice.com/game.php?id=1523861"]
[Date "2018.4.17"]
[Round "1"]
[White "maurice91"]
[Black "Perseids_Java"]
[Result "0-1"]
[WhiteElo "1798"]
[BlackElo "2425"]

1. d4 Nf6 2. c4 e6 3. Nc3 Bb4 4. Qc2 O-O 5. e4 d5 6. cxd5 exd5 7. Bd3 dxe4 8.
Bxe4 Qxd4 9. f3 Re8 10. Ne2 Qb6 11. Qd2 Na6 12. Qe3 Nc5 13. Ng3 Bf5 14. Nxf5
Nfxe4 15. Nxg7 Nd3+ 16. Qxd3 Qf2+ 17. Kd1 Rad8 0-1

[Event "AUTO-ELITE-2134"]
[Site "http://www.queenalice.com/game.php?id=1576697"]
[Date "2019.7.8"]
[Round "1"]
[White "Perseids_Java"]
[Black "Sexxy_Bunny"]
[Result "0-1"]
[WhiteElo "2429"]
[BlackElo "2791"]

1. e4 c5 2. Nf3 d6 3. d4 cxd4 4. Nxd4 Nf6 5. Nc3 a6 6. Bg5 e6 7. f4 Qb6 8. Nb3
Be7 9. Be2 Nbd7 10. Qd4 Qxd4 11. Nxd4 b5 12. Bf3 Bb7 13. a3 h6 14. Bh4 g5 15.
fxg5 Nh7 16. e5 Bxf3 17. Nxf3 Nxe5 18. Nxe5 dxe5 19. Bg3 hxg5 20. Bxe5 f6 21.
Bg3 f5 22. O-O-O Nf6 23. Be5 Kf7 24. h3 Rh4 25. Rd3 g4 26. Bg3 Rh5 27. Be5 Rd8
28. Rxd8 Bxd8 29. Rd1 gxh3 30. gxh3 Be7 31. Rd3 Ke8 32. Bd6 Rh4 33. Kd2 Rc4 34.
Ke2 Nd7 35. Bxe7 Kxe7 36. Re3 Nc5 37. Rg3 Kf7 38. Rf3 Kf6 39. b3 Rh4 40. Kf2 Rd4
41. Ke1 e5 0-1

[Event "AUTO-ELITE-2134"]
[Site "http://www.queenalice.com/game.php?id=1576698"]
[Date "2019.7.8"]
[Round "1"]
[White "Sexxy_Bunny"]
[Black "Perseids_Java"]
[Result "1-0"]
[WhiteElo "2790"]
[BlackElo "2430"]

1. e4 c5 2. Nf3 d6 3. d4 cxd4 4. Nxd4 Nf6 5. Nc3 a6 6. Be3 e5 7. Nb3 Be6 8. f3
Be7 9. Qd2 O-O 10. O-O-O Nbd7 11. g4 b5 12. g5 Nh5 13. Nd5 Bxd5 14. exd5 f6 15.
gxf6 Rxf6 16. Na5 Qf8 17. Nc6 Nf4 18. Kb1 Bd8 19. Nxd8 Qxd8 20. c4 bxc4 21. Bxc4
Nb6 22. Bb3 a5 23. a3 a4 24. Ba2 Nc8 25. Ka1 Ne7 26. Bb1 Qa5 27. Qc2 g6 28. Bxf4
Rxf4 29. h4 h5 30. Rhg1 Rf6 31. Qc1 Kf7 32. Qh6 Rg8 33. f4 Rxf4 34. Rgf1 1-0